000 00631nam a2200229Ia 4500
001 1116
003 GE_BSU
008 181216s||||||||xx |||||||||||||| ||und||
020 _a5731500630
040 _cGE_BSU
080 _a681.3.06
245 _aMathcad 2000. Полное руководство
245 _bПер. с немецк.М.Херхагер, Х, Партолль
245 _cПод ред.К.Ю.Королькова
260 _aКиев
260 _bИрина
260 _c2000
300 _a414стр.
541 _h15л.
653 _aMathcad 2000. Полное руководство
942 _cBK
999 _c35267
_d35267